Регионална библиотека "Любен Каравелов" - Русе

Марк Аврелий и краят на древния мир (Запис номер 390086)

MARC детайли
000 -Лидер
Контролно поле с фиксирана дължина nam a22 a 4500
003 - Код на организацията, давaща контролен номер
Контролно поле BLK
005 - Дата и час на последна редакция
Контролно поле 20201015124623.0
008 - Елементи от данни с фиксирана дължина
fixed length control field 201015b bul|||||r ||||||| ||bul||
040 ## - Източник на каталожния запис
Идентификатор на билиотеката - собственик на записа BLK
041 ## - Код за език
Код за езика на текст/звукозапис или на отделно заглавие Български
Код за езика КДБФ Български
080 ## - УДК
Текстов определител УДК История на Рим (до 476 г. н. е.). Древен Рим
УДК код - определител по УДК 94(37)
УДК - код + определител 94(37)
100 ## - Редна дума - Автор
Автор Ренан, Ернест
Авторска отговорност първи автор
R(LIN) 1299
139 ## - Редно поле
Редна дума Ренан, Ернест
245 10 - Сведения за заглавието
Заглавие Марк Аврелий и краят на древния мир
Редно поле (дума) Ернест Ренан; прев. от фр. Кирил Христов.
257 ## - Страна на издаване
Страна на създаване/издаване Франция
260 ## - Област на издателските данни
Място на издаване, разпространение и проч. Пловдив
Година на издаване 1898
Печатница Пловдив : Центр. печ.
300 ## - Физическа характеристика
Страници 75 с.
Размери/Мащаб 25 см
380 ## - Жанр
Жанр История
490 ## - СЕРИИ (Колекции)
9 (RLIN) 435080
Име на серия Колекция Редки и ценни издания
500 ## - Общи забележки
Забележка Премия на сп. Мисъл [Г. VIII]. (Цена в кумул.) : 1 лв.
650 #7 - Допълнително описание по предмет – тема
9 (RLIN) 177277
Основно описание – тема или топоним Цивилизация, римска - история
700 ## - Други автори (авторска отговорност)
Лично име Христов, Кирил
Автороска отговорност (Описва отношението между автора и произведението) прев. от фр.
9 (RLIN) 1177
852 ## - Местоположение
Форматна сигнатура Рб 898
Фондова буква Редки и ценни
856 4# - Електронен адрес и достъп
Електронен формат pdf - файл
Път до файла /url/
856 4# - Електронен адрес и достъп
Електронен формат pdf - файл
Път до файла /url/
999 ## - СИСТЕМНИ КОНТРОЛНИ НОМЕРА
Koha biblionumber 390086
Koha biblioitemnumber 390086
942 ## - АРТИКУЛИ
Вид на библиотечния материал Книги
Скрит в OPAC Не
Периодичен библиозапис Да
944 ## - СЪЗДАВАНЕ И РЕДАКЦИЯ на ЗАПИСА
Дата на регистрацията/редакция 2020-10-15
Служител, извършил регистрацията/редакцията ВК
Наличности
Код за отписване Код за изгубен артикул Източник на класификационната схема Код за повреда Коз за рестрикции Код за отдаване Артикулен № Име на библиотеката - собственик Име на библиотеката, в която се намира в момента Статус (Текущо местоположение) Дата на вписване в системата Местоположение - отдел Цена в лева Инвентарен номер Систематично азбучна сигнатура Баркод Цена в евро Служебен тип на артикула
  Не е изгубен Universal Decimal Classification Не е повреден само за читалня Специални фондове ( старопечатни, редки и ценни, фонд М. Арнаудов) 803627 Регионална библиотека "Любен Каравелов" Русе Регионална библиотека "Любен Каравелов" Русе Редки и ценни 2020-10-19 Редки и ценни 0.00 453795 Рб 898 120000453795 0.00 Книги
  Не е изгубен Universal Decimal Classification Не е повреден само за читалня Специални фондове ( старопечатни, редки и ценни, фонд М. Арнаудов) 803628 Регионална библиотека "Любен Каравелов" Русе Регионална библиотека "Любен Каравелов" Русе Редки и ценни 2020-10-19 Редки и ценни 0.15 13558/58 Рб 898 900000036553 0.08 Книги
  Не е изгубен Universal Decimal Classification Не е повреден само за читалня Специални фондове ( старопечатни, редки и ценни, фонд М. Арнаудов) 853190 Регионална библиотека "Любен Каравелов" Русе Регионална библиотека "Любен Каравелов" Русе Редки и ценни 2021-09-20 Редки и ценни 0.06 1792 Рб 898 900000072086 0.03 Книги
Vip Innovations Ltd, Rousse, Bulgaria 2025